Financial accounting handout /

Elmentve itt :
Bibliográfiai részletek
Szerző: Kovács Zsuzsanna
További közreműködők: Gyáfrás Edit
Dokumentumtípus: Tanítási erőforrás
Megjelent: 2018
Tárgyszavak:
Online Access:http://eta.bibl.u-szeged.hu/912
LEADER 00795nnm a2200217 i 4500
001 eta912
005 20210226152011.0
008 181030s2018 hu o 0|| eng d
040 |a SZTE Elektronikus Tananyag Archívum  |b hun 
041 |a eng 
100 1 |a Kovács Zsuzsanna 
245 1 0 |a Financial accounting   |h [elektronikus dokumentum] :  |b handout /  |c  Kovács Zsuzsanna 
260 |c 2018 
300 |a 87 
516 |a Teaching_resource 
650 4 |a Társadalomtudományok 
650 4 |a Közgazdasági és gazdálkodástudományok 
650 4 |a Közgazdaság, ökonometria 
650 4 |a Banki, vállalati pénzügyek, számvitel 
700 0 1 |a Gyáfrás Edit 
856 4 0 |u https://eta.bibl.u-szeged.hu/912/1/EFOP343_AP2_GTK2_handout_Kov%C3%A1csZsuzsanna_FinancialAccounting_20210225.pdf  |z Dokumentum-elérés